Butterworths property law handbook (Record no. 111525)
[ view plain ]
| 000 -LEADER | |
|---|---|
| fixed length control field | 00750cam a22002535a 4500 |
| 001 - CONTROL NUMBER | |
| control field | L151665 |
| 008 - FIXED-LENGTH DATA ELEMENTS--GENERAL INFORMATION | |
| fixed length control field | 101126s2009 xxk f 001 0 eng d |
| 020 ## - INTERNATIONAL STANDARD BOOK NUMBER | |
| International Standard Book Number | 9781405743211 |
| 035 ## - SYSTEM CONTROL NUMBER | |
| System control number | (Sirsi) u151665 |
| 041 0# - LANGUAGE CODE | |
| Language code of text/sound track or separate title | eng |
| 050 04 - LIBRARY OF CONGRESS CALL NUMBER | |
| Classification number | 346.41043 $2 18 |
| 245 00 - TITLE STATEMENT | |
| Title | Butterworths property law handbook |
| 250 ## - EDITION STATEMENT | |
| Edition statement | 8th ed. |
| 260 ## - PUBLICATION, DISTRIBUTION, ETC. | |
| Place of publication, distribution, etc. | London |
| Name of publisher, distributor, etc. | LexisNexis |
| Date of publication, distribution, etc. | 2009 |
| 300 ## - PHYSICAL DESCRIPTION | |
| Extent | 1778p. |
| Dimensions | 25cm. |
| 520 ## - SUMMARY, ETC. | |
| Summary, etc. | Updated to include new legislation, as well as older legislation of interest to property lawyers. |
| 520 ## - SUMMARY, ETC. | |
| Summary, etc. | Supersedes seventh edition (ISBN 9781405725378). |
| 590 ## - LOCAL NOTE (RLIN) | |
| Local note | KA |
| 651 #4 - SUBJECT ADDED ENTRY--GEOGRAPHIC NAME | |
| Geographic name | England and Wales |
| Chronological subdivision | 1543- |
| 690 ## - LOCAL SUBJECT ADDED ENTRY--TOPICAL TERM (OCLC, RLIN) | |
| Topical term or geographic name as entry element | PROPERTY |
| 700 1# - ADDED ENTRY--PERSONAL NAME | |
| Personal name | Wicks, Joanne |
| Relator term | Editor |
| 700 1# - ADDED ENTRY--PERSONAL NAME | |
| Personal name | Davey, Jonathan |
| Relator term | Editor |
| 942 ## - ADDED ENTRY ELEMENTS (KOHA) | |
| Suppress in OPAC | 0 |
| Withdrawn status | Lost status | Source of classification or shelving scheme | Damaged status | Not for loan | Home library | Current library | Shelving location | Date acquired | Cost, normal purchase price | Total Checkouts | Full call number | Barcode | Date last seen | Copy number | Cost, replacement price | Price effective from | Koha item type |
|---|---|---|---|---|---|---|---|---|---|---|---|---|---|---|---|---|---|
| Dewey Decimal Classification | London | London | Books | 07/06/2011 | 62.96 | 346.41043 BUT | 30075524 | 06/08/2019 | 1 | 62.96 | 06/08/2019 | Book |